[Event "Dos Hermanas "]
[Site "?"]
[Date "1996.??.??"]
[Round "?"]
[White "Kaszparov, G."]
[Black "Kramnyik, V."]
[Result "0-1"]
[WhiteElo "2775"]
[BlackElo "2775"]
[PlyCount "70"]
[EventDate "1996.??.??"]

1. d4 d5 2. c4 c6 3. Nc3 Nf6 4. Nf3 e6 5. e3 Nbd7 6. Bd3 dxc4 7. Bxc4 b5 8. Bd3
Bb7 9. O-O a6 10. e4 c5 11. d5 c4 12. Bc2 Qc7 13. Nd4 Nc5 14. b4 cxb3 15. axb3
b4 16. Na4 Ncxe4 17. Bxe4 {Kilenc éve ez újítás volt.} Nxe4 18. dxe6 Bd6 (18...
O-O-O 19. Be3 $16) 19. exf7+ (19. Bb2 $5) 19... Qxf7 $1 {Összefüggésben a
tervezett tisztáldozattal.} (19... Kxf7 20. Qh5+ $1 (20. Bb2 Bxh2+ 21. Kh1 Nf6
$5 22. Rc1 Qf4 23. Nc5 Bd5 (23... Qh4 24. Nf5) 24. Nd3 Qh4 25. Nf5 Qh3) 20...
g6 21. Qh3 $36) 20. f3 $8 Qh5 (20... O-O $2 21. fxe4 Qxf1+ 22. Qxf1 Bxh2+ 23.
Kxh2 Rxf1 24. Nc5 $16) 21. g3 (21. fxe4 Qxh2+ 22. Kf2 O-O+ 23. Nf3 Bg3+ 24. Ke3
Qxg2) (21. h3 Qe5 22. f4 Qf6 23. Bb2 O-O $15 24. Nb5 $5) 21... O-O $6 {
Kramnyik nem volt választása, ha nem akart mattot kapni, tisztet kellett
áldoznia. A lehetõségek közül azonban nem jól választott.} (21... Nc5 $2 22.
Re1+ Kf7 23. Nf5 $1 Qxf5 24. Qxd6) (21... Bxg3 22. hxg3 O-O (22... Qh3 23. Ra2
$1) 23. Ra2 $1 (23. fxe4 Qh3) 23... Nxg3 24. Rh2 $16) (21... Nxg3 $1 22. hxg3 (
22. Qe1+ Ne4 23. Ra2 O-O $40) (22. Re1+ Kf7 $1 (22... Ne4 23. Ra2 O-O 24. fxe4)
23. Nc6 (23. Ne6 Nf5 24. Ng5+ Kg8 25. Ra2 h6 $19) 23... Nf5 24. Qd5+ Kf8 $17)
22... O-O 23. Ra2 $1 (23. Kg2 $2 Qg4) 23... Bxg3 24. Rg2 Be5 25. Nc5 Rad8 26.
Be3 Bc8 $1 $15 {és világosnak a menekülést kell keresnie} 27. f4 $1 Qxd1 28.
Rxd1 Bxf4 29. Bxf4 (29. Bf2 $5 Be5 $1 (29... Bh3 30. Rxg7+)) 29... Rxf4 30.
Rgd2 $1 (30. Rxg7+ Kh8 31. Rc7 Rg8+ 32. Kh2 Rh4#) 30... Rg4+ $13) 22. fxe4 Qh3
$1 (22... Rxf1+ $6 23. Qxf1 Bxg3 (23... Qe5 24. Qc4+ Kh8 25. Nf5 $1) 24. hxg3
Bxe4 25. Ra2 $1 (25. Qe2 $5 Qh1+ 26. Kf2 Qh2+ (26... Rf8+ 27. Bf4 Qxa1 28. Qxe4
) 27. Ke3 Qxg3+ 28. Kd2 Qg5+ 29. Qe3 Qg2+ 30. Qe2 Qg5+) 25... Qh1+ 26. Kf2 Qh2+
27. Ke3 Qxa2 28. Kxe4 $16) 23. Nf3 $2 {Lebecsüli sötét támadását.} (23. Ra2
Bxe4 (23... Bxg3 24. Nf5 $1 (24. hxg3 Bxe4 25. Nf3 Rad8 $1) 24... Rxf5 25. Rxf5
(25. exf5 $2 Bxh2+) 25... Bxe4 26. Rg5 $8 Bh4 27. Qg4 $18) 24. Re1 $8 Bb7 $1 (
24... Rae8 25. Re3 $1 Bb7 26. Rxe8 Rxe8 27. Qf1 Qg4 (27... Qh5 28. Nf5 $1) 28.
Nf5 $1 Qe4 (28... Rf8 29. Rf2) 29. Qc4+ Qxc4 30. bxc4 $16) 25. Qd3 $1 $14 Rac8
$5 (25... Rad8 $5 26. Bg5 (26. Rae2 Be5 $1) 26... Rde8 27. Rxe8 Rxe8 28. Qf1
Qg4) (25... Rf6 $5)) (23. Qe2 $1 Bxg3 24. Nf5 $1 {Ezt a lépést egyik
nagymester sem vette észre.} Be5 25. Bb2 Bxb2 26. Nxb2 Qxb3 27. Nd3 {világos
elõnyével, de azért kétséges, hogy elegendõ lesz-e a gyõzelemhez.}) 23... Bxg3
$1 24. Nc5 $2 {Ideje lett volna a király biztonságáról gondoskodni} (24. Qe2 $1
Rxf3 $1 25. Rxf3 Bxh2+ 26. Kf2 $8 (26. Kh1 Bxe4 $1 27. Qc4+ Kh8 28. Qxe4 Bg3+
29. Kg1 Qh2+ 30. Kf1 Qh1+ 31. Ke2 Qe1+ 32. Kd3 Rd8+ $19) 26... Qh4+ 27. Kf1
Bxe4 (27... Qg4 28. Ke1 $5 (28. Qf2 Bxe4 $40) (28. Qc4+ Kh8 29. Qf7 Qg1+ 30.
Ke2 Qg2+ 31. Rf2) 28... Qg1+ 29. Rf1 Bg3+ 30. Kd2 Qd4+ (30... Rd8+ 31. Kc2
Bxe4+ 32. Qxe4 Qxf1 33. Qc4+ Qxc4+ 34. bxc4) 31. Qd3 Qxa1 32. Bb2) (27... Rc8
28. Nb6 (28. Bg5 $5 Qg4) 28... Qg4 29. Qg2) (27... Be5 28. Qc4+ Kh8 29. Qf7
$132) (27... Bd6 28. Bb2 Bxe4 29. Qc4+ Kh8 30. Bxg7+ $132 Kxg7 31. Qd4+ Kg8 32.
Qc4+ Kh8 33. Qd4+ $11) (27... Bg3 28. Qg2 (28. Qc4+ Kh8 29. Qf7 Qh1+ 30. Ke2
Qg2+) (28. Kg1 Bxe4 $40) 28... Qxe4 (28... Bxe4 29. Qxg3 Qh1+ 30. Kf2 Bxf3 31.
Bb2) (28... Be5 29. Bb2 Bxb2 30. Nxb2 Bxe4 31. Qh3 $1) 29. Qxg3 Qxf3+ 30. Qxf3
Bxf3 31. Nc5 $11) 28. Qc4+ (28. Bg5 Qg4) 28... Kh8 29. Nc5 $1 Be5 (29... Bg3
30. Nxe4 (30. Qxe4 Qh1+ 31. Ke2 Qe1+ 32. Kd3 Qc3+ 33. Ke2 Qe1+ $11) (30. Rxg3
Rf8+ 31. Ke2 Qh2+ 32. Ke3 (32. Kd1 Bc2+) 32... Qxg3+ $19) 30... Qh1+ 31. Ke2
Qe1+ 32. Kd3 Rd8+ 33. Qd4 Qd1+ 34. Nd2 Rxd4+ 35. Kxd4 $14) 30. Qxe4 Qxe4 31.
Nxe4 Bxa1 $11) 24... Rxf3 25. Rxf3 (25. Ra2 $142 Rxf1+ 26. Qxf1 Qxf1+ 27. Kxf1
Rc8 28. Be3 Bf4 29. Nxb7 (29. Bxf4 Rxc5 $17) 29... Bxe3 30. Rxa6 Bf4 $17) 25...
Qxh2+ 26. Kf1 Bc6 $1 $19 {A csendes lépés, a világoson mozgó futó döntõ erõvel
kapcsolódik be az akcióba.} 27. Bg5 $5 {Világosnak bástyaelõnye van, de állása
menthetetlen.} (27. Qd3 Qh1+ 28. Ke2 Qe1#) (27. Ra2 Bb5+ 28. Nd3 Bxd3+ 29. Rxd3
(29. Qxd3 Qh1+ 30. Ke2 Qe1#) 29... Rf8+ 30. Rf3 Qh1+ 31. Ke2 Qxf3+) (27. Ra5
Bc7 $1 28. Ra1 Rd8) 27... Bb5+ 28. Nd3 Re8 $1 29. Ra2 (29. Rc1 Qh1+ 30. Ke2
Rxe4+ 31. Kd2 Qg2+) (29. Ra5 Bxd3+ $1) (29. Be3 Rxe4 30. Rf8+ Kxf8 31. Qf3+ Rf4
$1 32. Bxf4 Bxd3+ 33. Qxd3 Qf2#) 29... Qh1+ {Kramnyik fonalas nyerést látott,
már nem kereste a mattot...} (29... Bxd3+ $1 30. Rxd3 Qh1+ 31. Ke2 Qg2+ 32. Ke3
Rxe4#) 30. Ke2 Rxe4+ 31. Kd2 (31. Be3 Qg2+ 32. Rf2 Qxf2#) 31... Qg2+ 32. Kc1
Qxa2 33. Rxg3 (33. Rf8+ Kxf8 34. Qf3+ Kg8) 33... Qa1+ 34. Kc2 Qc3+ 35. Kb1 Rd4
(35... Rd4 36. Bf6 (36. Bh6 Bxd3+ 37. Ka2 Bb1+ 38. Qxb1 Qxg3) 36... Bxd3+ 37.
Ka2 Bb1+ 38. Qxb1 Rd2+) 0-1

[Event "Dortmund "]
[Site "?"]
[Date "1996.??.??"]
[Round "?"]
[White "Kramnyik, V."]
[Black "Shirov, A."]
[Result "1-0"]
[WhiteElo "2765"]
[BlackElo "2685"]
[PlyCount "97"]
[EventDate "1996.??.??"]

1. Nf3 {Kramnyik a játszmában megcsillogtatta megnyitáselméleti
felkészültségét. "Áttörés" címû könyvében külön fejezetben foglalkozik a
sikres megnyitási változatokkal elért gyõzelmeivel.} d5 2. d4 c6 3. c4 Nf6 4.
Nc3 dxc4 5. a4 Bf5 6. Ne5 e6 7. f3 Bb4 8. e4 Bxe4 9. fxe4 Nxe4 10. Bd2 Qxd4 11.
Nxe4 Qxe4+ 12. Qe2 Bxd2+ 13. Kxd2 Qd5+ 14. Kc2 Na6 15. Nxc4 O-O-O (15... Ke7
16. Qe5 Rhd8 17. Be2 f6 18. Qe3 $1 Nb4+ $2 (18... Qf5+ 19. Kc3 Nc7 20. Qg3 Nd5+
21. Kb3 $14) 19. Kb3 a5 20. Rad1 Qf5 21. Qc3 $1 $16 {Kramnyik,V-Hodgson,J
Groningen 1993}) (15... Qf5+ 16. Kc3 $1 O-O 17. Qe5 Qf2 18. Bd3 Rad8 19. Rhf1
Qh4 20. Qe4 $16 {Karpov,A-Tukmakov,V Gijon rapid 1988}) (15... O-O 16. Qe5 Rfd8
17. Be2 f6 18. Qxd5 cxd5 19. Na5 Rdc8+ (19... Rac8+ 20. Kb1 Nc5 (20... Nb4 21.
Nxb7 Rd7 22. Na5 d4 23. Bc4 Kf7 24. Re1 $16 {Csehov,V-Lasztin,A Moscow op 1995}
) 21. Rc1 b6 22. b4 bxa5 23. bxc5 $18 {Kaszparov,G-Galljamova,A Róma 1990}) 20.
Kb1 Nb4 $2 (20... Nc5 $16) 21. Nxb7 Rab8 22. Na5 $1 $18 {Kramnyik,V-Haba,P/
Németország 1993}) 16. Qe3 {Korábban 16.Ve5-öt tartották a fõváltozatnak.} Nc5
(16... Kb8 $6 {folytatással a moszkvai sakkolimpián a bolgár Georgijev
próbálkozott, vesztére.} 17. Be2 Ka8 (17... Qxg2 18. Rhg1 (18. Qe5+ Ka8 19.
Rhg1 Qd5 20. Rxg7 $16) 18... Qxh2 19. Rxg7) 18. g4 {Xf5} f6 (18... Nc7 $142 19.
Rad1 Qg2 20. Qf3 Qxf3 21. Bxf3 $16) 19. Rhd1 Qg2 20. Rxd8+ Rxd8 21. Qxe6 Qxh2
22. Rd1 Rb8 23. a5 Nc7 24. Nb6+ $3 $18 {Kramnyik,V-Georgiev,Ki/ Moszkva ol 1994
}) 17. Be2 Qxg2 18. Rhg1 Qxh2 19. Rxg7 $1 $146 {Csernyin egy korábbi
elemzésében lebecsülte a 19. Bxg7! lépést, és 19...Bd3!-at javasolta. Kramniyk
azonban szekundánsaival alaposan elmélyedt az állásban, s megoldást talált.}
Rd4 $2 {Shirov megértette, hogy variba esett, s 45 perc gondolkodás után nem a
legjobban reagált. Sötét fonalasan öt gyalogot kap a bástyáért, de kevésnek
bizonyul ellenértékként.} (19... Rd3 20. Rh1 $8 {Csernyin elemzésében ezt a
lépést bizony elnézte.} (20. Qe5 Qxe5 21. Nxe5 Re3 22. Nxf7 Rxe2+ $19) (20.
Qxc5 Qxe2+ 21. Kb1 Qd1+ 22. Ka2 Qb3+ $19) 20... Qxh1 (20... Rxe3 21. Rxh2 $18)
21. Bxd3 Qd5 (21... Nxd3 22. Qxd3 Qh2+ (22... Rd8 $2 23. Nd6+ Kb8 24. Qg3 $1
$18 Ka8 25. Rg8) 23. Kb3 $16 (23. Qd2 $5)) 22. Rxf7 $16 b5 (22... Rd8 23. Be2)
23. axb5 cxb5 24. Nd2) (19... f5 $5) 20. Qxd4 Qxe2+ 21. Nd2 $1 (21. Kb1 $2 Qf1+
22. Ka2 Qxa1+ 23. Kxa1 Nb3+ 24. Ka2 Nxd4) (21. Kc3 Qf3+ (21... Rd8 $2 22. Qxc5)
22. Ne3 (22. Qe3 Qf6+ 23. Qe5 Qf3+) (22. Kb4 $2 Nb3 $1 23. Qxa7 c5+ 24. Kb5
Qc6#) (22. Kc2 $2 Nb3 $19) 22... Rd8 (22... Ne4+ $2 23. Kb3 Rd8 24. Qxa7) 23.
Qxc5 Qf6+ 24. Kb3 Qxg7 25. Qxa7 Rd3+ 26. Ka2 (26. Kc2 Qg6) 26... Qd4 $1 $14)
21... Rd8 22. Qxc5 Rxd2+ (22... Qd3+ 23. Kc1 Qxd2+ 24. Kb1 Qd1+ (24... Qe1+ 25.
Ka2 $18) 25. Qc1 $18 {Kramnyik elemzésében azt írja, hogy nincs örökös sakk,
holott} Qd4 26. Rxf7 Qe4+ 27. Ka2 Qxa4+ $11) 23. Kb3 Rxb2+ 24. Ka3 Rd2 $8 (
24... Rc2 25. Qf8+ $18) 25. Rg3 Qe4 $5 (25... Rd3+ 26. Rxd3 Qxd3+ 27. Kb2 Qd2+
(27... Qe2+ 28. Qc2 Qe5+ 29. Qc3 (29. Qc3 Qh2+ (29... Qe2+ 30. Kb3 $16) 30. Kb3
)) 28. Kb3 (28. Qc2 Qd4+ 29. Qc3 Qf2+ 30. Ka3) 28... Qd3+ 29. Qc3 Qd5+ 30. Kb2
Qg2+ 31. Ka3 $18) 26. Rb3 $2 (26. Qb4 $5 $18) 26... b6 $1 (26... Qd5 27. Qf8+
Qd8 28. Qxd8+ Rxd8 29. Rh1 $16) 27. Qf8+ Kb7 (27... Rd8 28. Qxf7 $16) 28. Qxf7+
$6 {Pontatlanság, ideje volt a másik bástyát is akcióba küldeni.} (28. Rf1 $5
f5 29. Rg1 Rd7 30. Rg7 Qd4 31. Rxd7+ Qxd7 32. Rg3 Ka6 33. Qb4 $18) 28... Ka6
29. Qf3 $1 Qxf3 $6 (29... Qd4 30. Qc3 Qd6+ 31. Qb4 Qd5 (31... c5 32. Qc4+ Kb7
33. Re1 $1 Rd4 34. Qxe6) 32. Rc1 Rd4 33. Qc3 c5 34. Kb2 (34. a5 $2 c4) 34...
Rxa4 35. Ra3 Rxa3 36. Kxa3 $16 {folytatásban világosnak még meg kellett volna
szenvednie a nyerésért.}) 30. Rxf3 Ka5 31. Rf4 $5 (31. Re1 Rd4 32. Rxe6 Rxa4+
33. Kb2 $16) 31... Rd3+ 32. Kb2 Rh3 (32... Re3 $5) (32... Rd2+ 33. Kc3 Rh2 34.
Re1) 33. Re1 Rh2+ 34. Kb3 Rh3+ 35. Kc2 Rh2+ 36. Kd3 Rh6 (36... Rh3+ 37. Re3)
37. Rfe4 c5 38. Rxe6 Rh3+ 39. R1e3 Rh1 (39... Rxe3+ 40. Rxe3 Kxa4 41. Kc4 $18)
40. R3e4 Rh3+ 41. Kc4 $1 $18 Rg3 (41... Kxa4 42. Re1 Ra3 (42... Rh4+ 43. R6e4
$18) 43. Re7 a6 44. Rb1 Ka5 45. Rb7 $18) (41... Ra3 42. Kd5 Rxa4 43. Rxa4+ Kxa4
44. Kc4 $18) (41... h5 42. Rh6 $5) 42. Rh6 a6 43. Rxh7 Rg5 (43... Kxa4 44. Rh1
Ra3 45. Ree1 b5+ 46. Kxc5 Rc3+ 47. Kb6 $18) 44. Rb7 Rh5 (44... Rg6 45. Kd5 $18)
45. Re6 Rh4+ 46. Kd5 Rb4 47. Rc6 Rd4+ 48. Ke6 Rb4 49. Rb8 (49. Rb8 Rb1 50.
Rxc5+ Kxa4 51. Rc6 Ka5 52. Kd6 $18) 1-0

[Event "Novgorod "]
[Site "?"]
[Date "1996.??.??"]
[Round "?"]
[White "Kramnyik, V."]
[Black "Ivancsuk, V."]
[Result "1-0"]
[WhiteElo "2765"]
[BlackElo "2730"]
[PlyCount "49"]
[EventDate "1996.??.??"]

1. d4 d5 2. c4 c6 3. Nf3 Nf6 4. Nc3 e6 5. Bg5 dxc4 6. e4 b5 7. e5 h6 8. Bh4 g5
9. Nxg5 hxg5 10. Bxg5 Nbd7 11. g3 Bb7 12. Bg2 Qb6 13. exf6 c5 14. d5 O-O-O 15.
O-O b4 16. Na4 Qd6 17. Bf4 {A küzdõ felek villámgyorsan lehúzták eddig a varit,
s Kramnyik tért el a sopkat játszott 17.dxe5 változattól.} e5 {Meglepõ módon
Ivancsuk azonnal reagált, s nem éppen sikeresen.} 18. Be3 Bh6 19. Qc1 $1 Bxe3 (
19... Qxf6 $2 20. Nxc5 Nxc5 21. Qxc4 Bxe3 22. fxe3 Qd6 23. Rac1 $18) 20. Qxe3
$16 (20. fxe3 $5) 20... Ba6 $6 {Kramnyik döntõ hibának minõsítette. Sötét
állása már nem éppen szívderítõ, ezt mutatják az eltérések is.} (20... Bxd5 21.
Rfd1 Nxf6 22. Rac1 Qc6 (22... Ng4 23. Qe2) (22... Rxh2 23. Bxd5 Nxd5 24. Kxh2)
23. Bxd5 Nxd5 24. Qxc5 Qxc5 25. Nxc5 Nb6 26. Nd3 $16 (26. Na6 Rxd1+ 27. Rxd1 c3
28. Nxb4 cxb2 29. Nd3 Nc4 (29... Na4 30. Rb1) 30. Rb1 $16 Kc7 31. Nxb2 Rb8 32.
Rc1)) ({A legjobb} 20... Kb8 {és 21...Rc8 lett volna, s így védeni a kritikus
c5 gyalogot.}) 21. a3 $1 Kb8 (21... b3 22. Rfd1) (21... c3 22. Rfc1 $16) 22. h4
$1 Rdg8 (22... Rc8 23. Bh3 $1 $16) 23. Nxc5 $1 Nxc5 (23... Qxc5 24. Qxc5 Nxc5
25. axb4 c3 26. bxc5 Bxf1 27. Rxf1 cxb2 28. Rb1 $18) 24. axb4 Nb7 (24... Nb3
25. b5 Nxa1 26. Rxa1 Bb7 (26... Bxb5 27. Qxa7+ Kc8 28. Bh3+ Bd7 (28... Kd8 29.
Qa8+ (29. Qa5+)) 29. Qa8+ Qb8 (29... Kc7 30. Ra7+) 30. Qc6+ $18) 27. Qxa7+ Kc8
(27... Kc7 28. Ra6 Ra8 29. Qxb7+ Kxb7 30. Rxd6 $18) 28. Bh3+ Kc7 29. Ra6 Ra8 (
29... Qxd5 30. Rc6+ $18) 30. Qxb7+ Kxb7 31. Rxd6 $18) (24... Nd3 25. b5) 25. b3
$1 {Az össze vonal nyílik a sötét királyra, Ivancsuk azonnal kapitulált.} (25.
b3 c3 26. Rfc1) (25. b3 cxb3 26. b5 Bxb5 27. Qxa7+ Kc7 28. Rfc1+) 1-0

[Event "Linares "]
[Site "?"]
[Date "1997.??.??"]
[Round "?"]
[White "Topalov, V."]
[Black "Kramnyik, V."]
[Result "0-1"]
[WhiteElo "2725"]
[BlackElo "2740"]
[PlyCount "66"]
[EventDate "1997.??.??"]

1. d4 d5 2. c4 c6 3. Nf3 Nf6 4. Nc3 e6 5. g3 Nbd7 6. Bg2 dxc4 7. a4 Be7 8. O-O
O-O 9. e4 e5 10. dxe5 Ng4 11. Bf4 Qa5 12. e6 fxe6 13. Qe2 Nge5 14. Nd4 Nd3 $1
15. Nxe6 Rf6 16. Bc7 (16. Nc7 $2 Nxf4 17. Qxc4+ Kh8 18. Nxa8 Ne5 19. Qb3 Nxg2
20. Kxg2 Nf3 21. Rfd1 Qh5) (16. Ng5 h6 $1 17. Nf3 (17. Nh3 N7e5 $17) 17... Nxf4
18. gxf4 Rxf4 19. Qxc4+ Kh8 $15) 16... Qb4 17. Nd4 {Nem a legjobb.} (17. Ng5
Qxb2 18. Qxb2 (18. Qh5 h6 19. Qe8+ Bf8 $17) 18... Nxb2 $15 19. f4 {és
világosnak kompenzációja van a gyalogért.}) (17. Nf4 Qxb2 18. Qxb2 (18. Nxd3
Qxe2 19. Nxe2 cxd3 20. Nf4 Bd6 $1 21. Bxd6 Rxd6 22. Rfd1 Ne5 $17) 18... Nxb2
19. e5 $132) 17... Bc5 $1 18. Nc2 (18. Nf5 Qxb2 (18... Nf8 $5) 19. Qxb2 Nxb2
$17) 18... Qxb2 19. Nd1 Qb3 20. Nde3 N7e5 (20... Nf8 $5) 21. h3 Be6 (21... Rh6
$5) (21... Rf7 22. Bxe5 (22. Ba5 b6 23. Rfb1 bxa5 24. Rxb3 cxb3 $19) 22... Nxe5
23. Kh2 Qd3 24. Qh5 $132) 22. Kh2 (22. f4 Qb2 $5 (22... Nb4 $5)) 22... Rh6 $5
23. Rab1 $2 (23. Nf5 Bxf5 24. exf5 Re8 $17) (23. f4 $1 Ng4+ (23... Bxe3 $2 24.
Nxe3 Nc1 25. Rfxc1 Qxe3 26. Qxe3 Ng4+ 27. Kg1 Nxe3 28. f5) 24. Nxg4 Bxg4 25.
Qxg4 Qxc2 26. h4 $15 Rf8 $5) 23... Bg4 $3 {Remek taktikai ellencsapás.} 24.
Nxg4 (24. Qd2 Rxh3+ 25. Bxh3 (25. Kg1 Nf3+ 26. Bxf3 Bxf3 $19) 25... Nf3+ 26.
Kg2 Nxd2 $19) (24. f3 Nxf3+ 25. Bxf3 (25. Rxf3 Bxf3 26. Qxf3 Qxb1) (25. Kh1
Bxh3 $1 $19 26. Bxh3 Rxh3+ 27. Kg2 Rh2+ 28. Kxf3 Rxe2 (28... Rf8+ $5) 29. Rxb3
Rxe3+ 30. Nxe3 cxb3) 25... Bxh3 26. Ng2 (26. Bh5 Bxf1 27. Rxf1 g6 $19) 26...
Qc3 $5 $17 (26... Bg4+ 27. Nh4 Bxf3 28. Qd2 $1)) 24... Nxg4+ 25. Qxg4 Qxc2 26.
Qg5 $6 (26. Rxb7 Nxf2 27. Rxf2 (27. Qf5 Rxh3+ $19) 27... Qxf2 $19) (26. f4 Nf2)
26... Nxf2 $1 $19 27. Rxf2 (27. Qxc5 Rxh3+ 28. Kg1 (28. Bxh3 Ng4+ 29. Kg1 Qh2#)
28... Rh1+ $1 29. Bxh1 Nh3#) (27. h4 Be3 $1 $19) 27... Qxf2 28. Rf1 Qd4 29. Be5
Qd7 30. Qc1 (30. Bxg7 Qxg7 31. Qxc5 Kh8 32. Qxc4 Rg8 33. Rf3 Qe5 $19) 30... Qe6
31. Bxg7 Kxg7 32. Qg5+ Rg6 33. Qxc5 Qd6 0-1

[Event "Dos Hermanas "]
[Site "?"]
[Date "1997.??.??"]
[Round "?"]
[White "Kramnyik, V."]
[Black "Karpov, A."]
[Result "1-0"]
[WhiteElo "2740"]
[BlackElo "2760"]
[PlyCount "69"]
[EventDate "1997.??.??"]

1. Nf3 Nf6 2. c4 e6 3. Nc3 Bb4 4. Qc2 O-O 5. a3 Bxc3 6. Qxc3 b6 7. b4 Bb7 8.
Bb2 d6 9. e3 Nbd7 10. d4 {Lépéscserével a Nimzoindiai védelembe eveztek át a
nagymesterek.} Ne4 11. Qb3 $5 a5 (11... f5 12. Be2 Qe7 13. O-O Rae8 14. d5 $5)
12. Be2 axb4 13. axb4 Rxa1+ 14. Bxa1 Ndf6 {Sötnek fontos, hogy e4-gyen
huszárját megõrizze.} (14... Ng5 15. d5 Nxf3+ 16. Bxf3 e5 17. O-O $14) 15. O-O
Qd7 16. Bb2 (16. Rd1 $5 Ng4 (16... Ra8 17. Ne1) 17. Ne5 $1 $14) 16... Ra8 17.
b5 c6 $2 $146 {Komoly pozíciós hiba. 17...Qd8 és 18...Ra7 és 19...Qa8 volt a
jó terv.} 18. bxc6 Qxc6 19. Rc1 $1 {Karpov rosszul értékelte ezt a lépést.} Nd7
(19... Ng4 20. d5 $1 Qc7 (20... exd5 21. cxd5 Qxd5 22. Bc4 Qf5 23. Qxb6 Bd5 24.
Qd4 Ngf6 25. Bd3 $16) (20... Qc8 21. Rf1 $5 (21. Qxb6 Ngxf2) 21... Qc7 (21...
Ba6 22. h3 Ngf6 23. dxe6 fxe6 24. Bxf6 Nxf6 25. Qxb6 $16) 22. Nd4 $1 $16 Nd2
$140 23. Qc3) 21. dxe6 fxe6 (21... Ngxf2 22. exf7+ Qxf7 23. Qxb6 $16) 22. c5 $1
Nxc5 23. Rxc5 $1 dxc5 24. Qxe6+ Kh8 25. Qxg4 Ra2 26. Qe6) (19... Nd2 20. Qb4
$16) 20. Ne1 Qa4 21. Qxa4 Rxa4 22. f3 (22. c5 $2 bxc5 23. Bb5 Ra2) 22... Nef6 (
22... Nd2 23. Rc2 Nb3 24. c5 $1) 23. Bd1 $1 Ra2 (23... Ra8) 24. Nd3 Kf8 25. Bb3
Ra8 26. e4 {Világos nagy térelõnyhöz jutott.} (26. Nb4 $5) 26... Nb8 27. c5 $5
{A sötét tisztek kedvezõtlen helyzetének hatásos kihasználása.} (27. Kf2 Nc6
28. Ke3 $16) 27... bxc5 (27... dxc5 28. dxc5 b5 29. Kf2 Nc6 30. Ke3 Na5 31. Ba2
$16) 28. dxc5 dxc5 29. Nxc5 Bc8 (29... Bc6 30. g4 $5 Bd7 (30... Bb5 31. Bxe6
fxe6 32. Nxe6+ Kf7 33. Nc7 Ra5 34. Bc3) (30... h6 31. h4 Bd7 32. g5 hxg5 33.
hxg5 Ne8 34. g6) 31. g5 $16) 30. e5 Ne8 $2 {Karpov idõzavarban elmulasztotta a
jobb} (30... Nd5 31. Bxd5 exd5 32. Nd3 $5 $16 Na6 (32... Nd7 33. Rc7 $36) (
32... Bf5 33. Nf4) 33. Nf4 Bb7 34. Ba3+ Kg8 35. Bd6 {és még hosszas szenvedés
várt volna sötétre.}) 31. Ba4 $1 $18 Nc7 32. Ba3 Kg8 33. Ne4 $1 Rxa4 (33...
Nba6 34. Bd6 (34. Nd6) 34... Bb7 (34... Nd5 35. Bc6) (34... Ra7 35. Bb5 $1 f5
36. exf6 Nxb5 37. Rxc8+ Kf7 38. Rf8+ Kg6 39. Be5) 35. Bxc7 Bxe4 (35... Rc8 36.
Nd6) 36. fxe4 Rc8 37. Bb5 Rxc7 (37... Nxc7 38. Bd7) 38. Rd1) 34. Rxc7 Ba6 (
34... Bd7 35. Bd6 Ra1+ 36. Kf2 Rb1 37. Nc5) 35. Nc5 $1 (35. Nc5 Rxa3 (35... Rc4
36. Nxa6) 36. Nxa6) 1-0

[Event "Dortmund "]
[Site "?"]
[Date "1997.??.??"]
[Round "?"]
[White "Kramnyik, V."]
[Black "Ivancsuk, V."]
[Result "1-0"]
[WhiteElo "2770"]
[BlackElo "2725"]
[PlyCount "37"]
[EventDate "1997.??.??"]

1. Nf3 Nf6 2. c4 c6 3. Nc3 d5 4. d4 e6 5. e3 Nbd7 6. Qc2 b6 7. Bd3 Bb7 8. O-O
Be7 9. b3 Rc8 10. Bb2 c5 (10... dxc4 11. bxc4 c5 12. d5 $1) (10... O-O 11. Rad1
$14) 11. cxd5 $1 cxd4 $2 $146 (11... Nxd5 12. Nxd5 cxd4 13. Qe2 Bxd5 14. Nxd4
O-O 15. Ba6 $16) (11... exd5 12. Bf5 $14 (12. Rfd1 O-O 13. Rac1 Re8 14. Bf5 g6
15. Bh3 Bf8 16. Qb1 Qe7 $11 {és az egyenlõ állás rövidesen remi lett a
Halifman,A-Drejev,A/Budapest 1996 játszmában.A parti elemzésekor felmerült a
kérdés, hogy sötét miért üti le a d gyalogot. Kramnyik is bekapcsolódott az
elemzésben, hárman megoldották az állást. Fél évvel késõbb Ivancsuk belesétált
az elemzésbe.})) 12. dxe6 $1 dxc3 13. exd7+ Nxd7 (13... Qxd7 14. Bf5) 14. Bxc3
Bb4 (14... Bf6 15. Bxf6 Qxf6 16. Qe2) 15. Bc4 Bxf3 (15... Bxc3 $142 16. Qxc3
O-O (16... b5 17. Qxg7) 17. Qd4 $16) 16. gxf3 (16. Bxb4 $2 Qg5 17. g3 b5) 16...
Bxc3 17. Qxc3 Qg5+ (17... b5 18. Qxg7) 18. Kh1 b5 19. Qa5 $1 {Ivancsuk
szokásához híven azonnal kapitulált, mások még húztak volna egy párat.} (19.
Qa5 Rxc4 20. bxc4 Qh5 21. Rg1 Qxf3+ 22. Rg2 $18) 1-0

[Event "Novgorod "]
[Site "?"]
[Date "1997.??.??"]
[Round "?"]
[White "Kramnyik, V."]
[Black "Kaszparov, G."]
[Result "1-0"]
[WhiteElo "2740"]
[BlackElo "2795"]
[PlyCount "63"]
[EventDate "1997.??.??"]

1. Nf3 Nf6 2. c4 g6 3. Nc3 Bg7 4. e4 d6 5. d4 O-O 6. Be2 e5 7. O-O Nc6 8. d5
Ne7 9. b4 Nh5 10. Re1 Nf4 11. Bf1 a5 12. bxa5 Rxa5 13. Nd2 c5 14. a4 Ra6 15.
Ra3 g5 $5 $146 16. g3 Nh3+ (16... Nfg6 $2 17. Qh5 $16 f5 (17... h6 18. Bd3 $5)
18. exf5 (18. Qxg5) 18... Nxf5 19. Nde4) 17. Bxh3 Bxh3 18. Qh5 Qd7 (18... g4 $2
19. Nf3 $1 f6 (19... gxf3 20. Qxh3 f5 21. Qh5 $16) 20. Nh4 $16 (20. Kh1 $5 Qe8
21. Qxe8 Rxe8 22. Ng1) 20... Qe8 21. Qxe8 Rxe8 22. Rb3 b6 23. Nf5 $5 (23. Be3)
23... Nxf5 24. exf5) 19. Qxg5 {Kramnyik végül elfogadta a gyalogáldozatot.} (
19. f3 g4 $8 20. Nd1 f5 $1 (20... gxf3 21. Nf2 Bg2 22. Nxf3 Bxf3 23. Rxf3 $40)
21. Nf2 (21. Ne3 gxf3 $1 22. Qxh3 (22. Nxf3 fxe4 23. Ng5 Bf5) 22... f2+ $1 23.
Kxf2 fxe4+ 24. Kg2 Rf2+ $1) 21... Rxa4 $13) 19... h6 (19... f5 $5) 20. Qe3 f5
$44 21. Qe2 f4 $1 (21... fxe4 22. Ndxe4 Nf5 23. Nb5 (23. Be3 $5 Nd4 24. Bxd4
exd4 25. Nb5) 23... Nd4 24. Nxd4 exd4 25. Qh5 Bg4 26. Qh4 $36) 22. Nb5 Kh7 (
22... Ng6 $142 23. Kh1 (23. Qh5 Bg4 24. Qxg6 Rf6) 23... Kh7 24. Rg1 $13) 23.
gxf4 $5 (23. Kh1 Ng6 24. Rg1) 23... exf4 (23... Rxf4 $6 24. Rg3 $5 (24. Kh1))
24. Kh1 Bg4 $1 (24... Ng6 25. Rg1 $40) 25. Nf3 $1 Ng6 26. Rg1 {A játszma
kritikus pontjához érkeztünk, Kaszparov 50 percet gondolkodott.} Bxf3+ $2 (
26... Nh4 $2 27. Ng5+ hxg5 28. Qxg4 Qxg4 29. Rxg4 $16 Kg6 30. Nc7 Rb6 (30...
Kh5 31. h3) 31. Ne6 Rb1 32. Rxg5+ Kh6 33. Rg1 $18) (26... Re8 27. Qc2 $5) ({A
legjobb esélyt} 26... Kh8 $1 {adta volna, a anygon bonyolult állásban
kölcsönösek az esélyek.} 27. Qc2 $5 (27. Nc7 Rb6 $1 28. Ne6 Bxe6 29. Rxg6 Bg4
$132) (27. Bb2 Nh4 $5 (27... Bxb2 28. Qxb2+ Kh7 29. Nd2 (29. Nxd6 Rxd6 30. e5
Bxf3+ 31. Rxf3 Qg7) 29... Ne5 $13) (27... Rg8 $13 28. Nc7 Rb6 $1) 28. Nxh4 Bxe2
29. Rxg7 Qxg7 30. Bxg7+ (30. Ng6+ Kh7 31. Bxg7 Rf7) 30... Kxg7 31. Nc7 Bxc4 $13
) 27... Rg8 28. Ne1 (28. Nd2) 28... Bh5 29. Nc7 $5 Qxc7 30. Rh3 Bg4 31. Rxg4
Qd7 32. Rxg6 Qxh3 33. Bxf4 Rf8 $13) 27. Qxf3 Ne5 28. Qh5 Qf7 (28... Nxc4 29.
Qg6+ Kh8 (29... Kg8 30. Rh3) 30. Rh3 $18) 29. Qh3 $1 (29. Rh3 $5 Nxc4 30. Nc7)
29... Nxc4 30. Rf3 Be5 (30... Qe7 31. Qe6 $1 Qxe6 32. dxe6 Rxa4 33. Nc7 (33.
Rxf4 $16) 33... Bf6 34. Rxf4 $18) 31. Nc7 $1 {Egyszerû és szép megoldás,
elterelné a vezért.} Rxa4 (31... Qxc7 32. Qxh6+ Kxh6 33. Rh3#) 32. Bxf4 $1 (32.
Bxf4 Bxf4 33. Ne6 Rg8 (33... Ra3 34. Nxf8+ Qxf8 35. Qd7+ Kh8 36. Rxf4) 34. Rxg8
Qxg8 35. Qf5+ Kh8 (35... Qg6 36. Nf8+) 36. Qf6+ Kh7 37. Nf8+) 1-0